| 000 | 01258cam a22003854a 4500 | ||
|---|---|---|---|
| 001 | 15966684 | ||
| 003 | OSt | ||
| 005 | 20140310182850.0 | ||
| 008 | 091029s2009 ph 000 0 eng | ||
| 010 | _a 2009516472 | ||
| 020 | _a9789712330599 | ||
| 040 |
_aDLC _cDLC |
||
| 042 | _alcode | ||
| 043 | _aa-ph--- | ||
| 050 | 0 | 0 |
_aKPM2832 _b.D278 2009 |
| 082 |
_2FIL 343.599 _aD37 2009 |
||
| 100 | 1 | _aDe Leon, Hector S. | |
| 245 | 1 | 4 |
_aThe law on income taxation : _bwith illustrations, problems, and solutions / _cDe Leon, Hector |
| 260 |
_aManila, Philippines : _bRex Book Store, _c2009. |
||
| 300 |
_axxiii, 606 p. ; _c23 cm. |
||
| 500 | _aRev. ed. of: The law on income taxation / by Benjamin D. Teodoro and Hector S. De Leon. 1989. | ||
| 521 | _a Highschool to College student | ||
| 526 | _c Highschool to College student | ||
| 541 | _j1 | ||
| 541 | _j2 | ||
| 541 | _j3 | ||
| 541 | _j4 | ||
| 562 | _e4 | ||
| 650 | 0 |
_aIncome tax _xLaw and legislation _zPhilippines. |
|
| 700 | 1 | _aDe Leon, Hector M. | |
| 700 | 1 |
_aTeodoro, Benjamin D. _tLaw on income taxation. |
|
| 906 |
_a7 _bcbc _corigode _d2 _encip _f20 _gy-gencatlg |
||
| 942 |
_2lcc _cBK _kFIL |
||
| 999 |
_c16985 _d16985 |
||